The Law of Rights of Light (Record no. 115803)
[ view plain ]
| 000 -LEADER | |
|---|---|
| fixed length control field | 00881cam a22002175a 4500 |
| 001 - CONTROL NUMBER | |
| control field | L159321 |
| 008 - FIXED-LENGTH DATA ELEMENTS--GENERAL INFORMATION | |
| fixed length control field | 160811s2016 xxk f 000 0 eng d |
| 020 ## - INTERNATIONAL STANDARD BOOK NUMBER | |
| International Standard Book Number | 9781509905515 |
| 035 ## - SYSTEM CONTROL NUMBER | |
| System control number | (Sirsi) u159321 |
| 041 0# - LANGUAGE CODE | |
| Language code of text/sound track or separate title | eng |
| 050 04 - LIBRARY OF CONGRESS CALL NUMBER | |
| Classification number | 346.410435 $2 18 |
| 100 1# - MAIN ENTRY--PERSONAL NAME | |
| Personal name | Barnes, Michael |
| 245 04 - TITLE STATEMENT | |
| Title | The Law of Rights of Light |
| Medium | [electronic resource] |
| 260 ## - PUBLICATION, DISTRIBUTION, ETC. | |
| Place of publication, distribution, etc. | London |
| Name of publisher, distributor, etc. | Bloomsbury UK |
| Date of publication, distribution, etc. | 2016 |
| 520 ## - SUMMARY, ETC. | |
| Summary, etc. | Legal textbook gives authoritative statement on the current law on rights of light in England and Wales. An attempt is made to explain rights of light from a non-technical point of view so the book is of help to lawyers as well as to landowners and surveyors. |
| 590 ## - LOCAL NOTE (RLIN) | |
| Local note | KA |
| 651 #4 - SUBJECT ADDED ENTRY--GEOGRAPHIC NAME | |
| Geographic name | ENGLAND AND WALES |
| 690 ## - LOCAL SUBJECT ADDED ENTRY--TOPICAL TERM (OCLC, RLIN) | |
| Topical term or geographic name as entry element | Rights of light |
| 9 (RLIN) | 6267 |
| 856 40 - ELECTRONIC LOCATION AND ACCESS | |
| Uniform Resource Identifier | <a href="https://www.vlebooks.com/">https://www.vlebooks.com/</a> |
| Public note | View on VLEbooks. Logins for members only from [email protected] |
| 942 ## - ADDED ENTRY ELEMENTS (KOHA) | |
| Suppress in OPAC | 0 |
| Withdrawn status | Lost status | Source of classification or shelving scheme | Damaged status | Not for loan | Home library | Current library | Shelving location | Date acquired | Total Checkouts | Full call number | Barcode | Date last seen | Copy number | Price effective from | Koha item type |
|---|---|---|---|---|---|---|---|---|---|---|---|---|---|---|---|
| Dewey Decimal Classification | Virtual | Virtual | Online | 11/08/2016 | ONLINE PUBLICATION | 159321-2001 | 06/08/2019 | 1 | 06/08/2019 | Book |